Burundi Country Quiz - Statistics

General Stats
  • This quiz has been taken 1,265 times
  • The average score is 11 of 16
Answer Stats
Hint Answer % Correct
Countries that border Burundi Rwanda
94%
Countries that border Burundi D.R. Congo
92%
Countries that border Burundi Tanzania
90%
Currency Franc
88%
European countries that colonized Burundi Germany
87%
European countries that colonized Burundi Belgium
85%
Official languages French
84%
Official languages English
81%
Capital city Gitega
64%
Largest ethnic groups Hutu
60%
Largest ethnic groups Tutsi
60%
Largest sector of the Burundian economy Agriculture
57%
Most populous city and former capital Bujumbura
55%
"African Great Lake" Burundi borders Lake Tanganyika
55%
Official language Kirundi
39%
Major colony Burundi was a part of until 1918 {German} {East} Africa
37%
No matching quizzes found
Score Distribution
Percent of People with Each Score
Percentile by Number Answered
Your Score History
You have not taken this quiz